Katabasis /
Alica Lawová sa chce stať najlepšou odborníčkou na analytickú mágiu. Obetovala všetko, aby mohla pracovať s profesorom Grimesom, najväčším odborníkom na svete, a získala od neho odporúčanie. Potom však príde k tragickej magickej nehode, ktorú zavinila Alica. Profesor Grimes je v pekle a Alica sa mus...
Uloženo v:
| Hlavní autor: | |
|---|---|
| Médium: | E-kniha |
| Jazyk: | Czech |
| Vydáno: |
Praha :
Albatros Media Slovakia s.r.o.,
2025
|
| Tagy: |
Žádné tagy |
| LEADER | 01514nam a22002297i 4500 | ||
|---|---|---|---|
| 001 | 302710 | ||
| 007 | ta | ||
| 008 | 260514s2025 xr ||||| |||| 00| 0 cze d | ||
| 020 | |a 9788056648803 | ||
| 044 | |a xr | ||
| 100 | 1 | |a Kuang, R.F. |4 aut | |
| 245 | 1 | 0 | |a Katabasis / |c Kuang, R.F. |
| 240 | 1 | 0 | |a Katabasis |
| 264 | 1 | |a Praha : |b Albatros Media Slovakia s.r.o., |c 2025 | |
| 300 | |a 1 online zdroj (576 stran) | ||
| 336 | |a text |b txt |2 rdacontent | ||
| 337 | |a bez média |b n |2 rdamedia | ||
| 338 | |a online zdroj |b cr |2 rdacarrier | ||
| 520 | 2 | |a Alica Lawová sa chce stať najlepšou odborníčkou na analytickú mágiu. Obetovala všetko, aby mohla pracovať s profesorom Grimesom, najväčším odborníkom na svete, a získala od neho odporúčanie. Potom však príde k tragickej magickej nehode, ktorú zavinila Alica. Profesor Grimes je v pekle a Alica sa musí pokúsiť zachrániť jeho dušu. Nanešťastie, na cestu sa s ňou vydáva aj Peter Murdoch, Alicin najväčší rival. Zostúpiť do pekla je jednoduché. Prežiť v ňom – a vydržať to spolu – je niečo celkom iné. | |
| 910 | |a RBIT002 | ||
| 998 | |d 426967 |a https://core.palmknihy.cz/api/books/426967/cover?tesgi6 |b https://core.palmknihy.cz/api/books/426967/cover/400?tesgi6 |c https://core.palmknihy.cz/api/books/426967/cover/50?tesgi6 |e 2029-09-02 |g 576 |i 9788056648803 |j https://core.palmknihy.cz/api/books/426967/preview.epub |k https://core.palmknihy.cz/api/books/426967/preview.pdf |l |q 49 |r 1 |s https://www.palmknihy.cz/kniha/426967 |t ebook |y 2025 |z 1 | ||
| 999 | |d 302708 | ||